[Event "GER-ch U08 Girls"]
[Site "Willingen"]
[Date "2023.06.02"]
[Round "6"]
[White "Winkler, Anni"]
[Black "Xu, Dorothea Sicheng"]
[Result "1/2-1/2"]
[WhiteElo "1060"]
[BlackElo "943"]
[PlyCount "107"]
[EventDate "2023.05.30"]
[EventType "swiss"]
[EventRounds "7"]
[EventCountry "GER"]
[SourceTitle "CBM 214 Extra"]
[Source "ChessBase"]
[SourceDate "2023.07.31"]
[SourceVersion "1"]
[SourceVersionDate "2023.07.31"]
[SourceQuality "1"]

1. e4 e5 2. Nf3 Nc6 3. Bc4 Nf6 4. d3 Bc5 5. c3 0-0 6. 0-0 d5 7. exd5 Nxd5 8. Nbd2 Bf5 9. Re1 Re8 10. Nf1 h6 11. h3 a6 12. Ng3 Bh7 13. Bb3 Na5 14. Ba4 b5 15. Bc2 Bd6 16. a4 c6 17. b4 Nb7 18. Bb2 c5 19. bxc5 Bxc5 20. axb5 axb5 21. Rxa8 Qxa8 22. Nxe5 Qa7 23. d4 Bxc2 24. Qxc2 Bd6 25. c4 bxc4 26. Qxc4 Qa5 27. Qc1 f6 28. Nf3 Rxe1+ 29. Nxe1 Bb4 30. Nd3 Nd6 31. Nxb4 Qxb4 32. Ba3 Qb6 33. Bxd6 Qxd6 34. Qc8+ Kf7 35. Qb7+ Ke6 36. Qxg7 Qb4 37. Kh2 Qxd4 38. Qxh6 Qxf2 39. Nh5 Qe3 40. Qxe3+ Nxe3 41. g4 f5 42. gxf5+ Kxf5 43. Ng3+ Kg6 44. h4 Nf5 45. Nxf5 Kxf5 46. Kg3 Kg6 47. Kg4 Kh6 48. h5 Kg7 49. Kg5 Kf8 50. h6 Kg8 51. Kh5 Kh8 52. Kg6 Kg8 53. h7+ Kh8 54. Kh6 1/2-1/2